[Event "Dvorkovich Memorial Rapid 2018"]
[Site "Taganrog"]
[Date "2018.01.14"]
[Round "9"]
[White "Kryakvin, Dmitry"]
[Black "Zakaryan, David"]
[Result "1-0"]
[WhiteElo "2580"]
[BlackElo "2420"]
[Annotator "TA"]
[PlyCount "79"]
[EventDate "2018.??.??"]
[EventType "swiss"]
[EventCountry "RUS"]
[SourceTitle "playchess.com"]
[Source "ChessBase"]
[SourceQuality "1"]

{[%evp 19,79,24,49,29,52,57,45,59,95,81,126,130,133,133,109,39,45,20,24,22,27,27,26,19,24,26,26,21,63,12,16,8,395,390,456,450,443,438,2157,679,664,664,679,667,664,664,656,656,656,654,622,605,601,582,700,665,1520,1492,29975,29976,29985,29986]} 1. c4 Nf6 2. g3 e6 3. Bg2 d5 4. Nf3 Be7 5. O-O O-O 6. d4 c6 7. Nc3 b6 8. Bf4 Nh5 {E06: Closed Catalan: Early deviations} (8... Bb7 9. Ne5 Nbd7 10. e4 dxe4 11. Nxe4 Nxe5 12. Nxf6+ Bxf6 13. dxe5 Be7 14. h4 Qxd1 15. Rfxd1 Rfd8 16. a3 Kf8 17. b4 Ke8 {1-0 (30) Vallejo Pons,F (2717)-Karthikeyan,M (2579) Tbilisi 2017}) 9. Bd2 Ba6 $146 ({Predecessor:} 9... Nf6 10. Rc1 a5 11. Ne5 Nfd7 12. Nxd7 Nxd7 13. Qa4 Ba6 14. cxd5 cxd5 15. Nb5 Nf6 16. Nc7 Bxe2 {½-½ (33) Schaerer,M (1872)-Hugentobler,P (2171) Zuoz 2017}) 10. Ne5 Nf6 {LiveBook: 3 Games. White has an edge.} 11. Qa4 b5 12. cxb5 cxb5 13. Nxb5 Qb6 14. Nc3 Qxb2 {[#]} 15. Rfd1 $1 Qa3 16. Qxa3 Bxa3 17. Rab1 (17. e4 $16) 17... Nbd7 $14 18. Nxd7 Nxd7 19. Nb5 Bxb5 $1 20. Rxb5 Nb6 21. e4 dxe4 $1 22. Bxe4 Rad8 23. Ba5 $36 {[%mdl 2048] White has some pressure.} Rd6 24. Bxb6 (24. Rd3 $14 Nc4 25. Rbb3) 24... axb6 $11 25. Bf3 Rfd8 $2 {[%mdl 8192]} (25... Rc8 $11 {and Black stays safe.}) 26. Rb3 $18 Bc5 27. dxc5 Rxd1+ 28. Bxd1 Rxd1+ {[%mdl 4096] Endgame KR-KR} (28... bxc5 $142 29. Bf3 Kf8) 29. Kg2 b5 30. a4 {[%cal Ba2a4,Ba4a5][%mdl 32]} b4 31. Rxb4 {[#] White wants to mate with Rb8+.} Kf8 32. a5 Ra1 33. c6 Ke7 34. Rb7+ ({Weaker is} 34. Rc4 Kd8 $18) 34... Kd6 35. Rxf7 {Hoping for c7.} Kxc6 36. Rxg7 h5 37. Rg5 h4 38. gxh4 {[%cal Bg3h4,Bh4h5,Bh5h6][%mdl 32]} Kd6 39. h5 e5 40. h6 {Precision: White = 58%, Black = 37%.} 1-0

[Event "Dvorkovich Memorial Rapid 2018"]
[Site "Taganrog"]
[Date "2018.01.14"]
[Round "9"]
[White "Goganov, Aleksey"]
[Black "Hasangatin, Ramil"]
[Result "1-0"]
[WhiteElo "2563"]
[BlackElo "2502"]
[Annotator "TA"]
[PlyCount "121"]
[EventDate "2018.??.??"]
[EventType "swiss"]
[EventCountry "RUS"]
[SourceTitle "playchess.com"]
[Source "ChessBase"]
[SourceQuality "1"]

{[%evp 20,121,51,27,27,25,23,14,26,16,22,20,23,34,26,26,27,33,39,10,16,20,43,0,54,54,54,54,54,55,62,62,67,70,67,50,62,62,74,67,76,64,68,0,1,9,10,-4,51,50,51,50,54,33,71,74,72,84,78,79,71,73,82,72,99,84,110,85,143,127,157,157,149,156,158,155,222,222,222,222,252,244,243,206,246,253,239,239,248,241,321,310,387,345,307,0,356,330,393,362,475,452,696,489]} 1. d4 Nf6 2. c4 c6 3. Nc3 d5 4. e3 g6 5. Nf3 Bg7 6. Be2 O-O 7. O-O Be6 8. cxd5 cxd5 9. Qb3 {D94: Grünfeld: 4 Nf3 Bg7 5 e3} Bc8 10. Bd2 Nc6 11. Rfc1 {LiveBook: 20 Games. White is slightly better.} Qd6 (11... Rb8 12. a4 Bg4 13. h3 Bxf3 14. Bxf3 e6 15. Qa3 Re8 16. a5 a6 17. Qa4 {½-½ (46) Lenic,L (2639)-Andreikin,D (2720) Berlin 2015}) 12. Nb5 $146 ({Predecessor:} 12. h3 h6 13. Bd3 Na5 14. Qc2 Nc6 15. a3 Bd7 16. b4 Rac8 17. b5 {1-0 (45) Kuzubov,Y (2615)-Kharchenko,B (2495) Voronezh 2013}) 12... Qb8 13. a4 Bg4 14. h3 Bxf3 15. Bxf3 e6 16. a5 a6 17. Nc3 Rc8 18. Na4 {Black must now prevent Nb6.} Nd7 19. Rc2 Bf8 20. Rac1 Bd6 21. Qd3 Kg7 ({Better is} 21... Rd8 $11) 22. e4 $14 Nb4 $1 23. Bxb4 Rxc2 24. Rxc2 Bxb4 25. exd5 exd5 26. Bxd5 Bxa5 27. Qf3 Nf6 28. Bxb7 Ra7 29. Rc6 Qd8 30. Nc5 Bb4 31. Bxa6 (31. Rxa6 $14 Rxa6 32. Nxa6 (32. Bxa6 Qxd4 33. Nd3 Bd6 $14)) 31... Qxd4 $11 32. Nd3 Bd6 33. g3 h5 (33... Ne4 $11) 34. Kg2 $14 Rc7 35. Rxc7 Bxc7 36. b3 {[%cal Bb2b3,Bb3b4][%mdl 32]} Bb6 37. Bc4 $36 {[%mdl 2048] White has strong initiative.} Ba7 38. Qb7 Qe4+ 39. Qxe4 Nxe4 $16 {[%mdl 4096] Endgame KBN-KBN} 40. Bd5 Nd6 41. b4 f5 42. Ne5 Kf6 43. f4 g5 ({Black should try} 43... Be3) 44. Nc6 Bb6 45. fxg5+ Kxg5 {[#]} 46. h4+ $1 Kf6 47. Bf3 Nc4 (47... f4 $16) 48. Bxh5 $18 Bc7 49. Be2 Nd6 50. Bd3 Nf7 51. Nd4 Nd6 52. Kf3 Bb6 53. Ne2 Nf7 {Threatening ...Ne5+.} 54. Nf4 Ne5+ 55. Ke2 Bg1 56. Nd5+ Ke6 57. Nf4+ Kf6 58. b5 Nd7 59. Nd5+ Ke5 60. Ne7 f4 (60... Bb6 $142 61. Nxf5 Nf6) 61. Ng6+ {Precision: White = 68%, Black = 47%.} 1-0

[Event "Dvorkovich Memorial Rapid 2018"]
[Site "Taganrog"]
[Date "2018.01.14"]
[Round "9"]
[White "Kiselev, Vitaliy"]
[Black "Potapov, Pavel"]
[Result "0-1"]
[WhiteElo "2516"]
[BlackElo "2479"]
[Annotator "TA"]
[PlyCount "88"]
[EventDate "2018.??.??"]
[EventType "swiss"]
[EventCountry "RUS"]
[SourceTitle "playchess.com"]
[Source "ChessBase"]
[SourceQuality "1"]

{[%evp 17,88,-3,0,-35,-39,-46,-49,-48,-41,-45,-22,-23,-23,-13,-20,-15,-18,-33,-35,-43,-36,-41,-37,-83,-47,-62,-54,-108,0,0,0,0,0,-81,-81,-82,-72,-130,-135,-104,-108,-194,-163,-144,-129,-480,-327,-526,-534,-663,-614,-610,-588,-606,-591,-580,-580,-597,-587,-614,-631,-29977,-29975,-29993,-2301,-5883,-5787,-1846,-1642,-29991,-29992,-29992,-29993]} 1. d4 f5 2. Nc3 Nf6 3. Bg5 d5 4. Bxf6 exf6 5. e3 Be6 6. Bd3 Qd7 7. Qf3 Nc6 {[%cal Bb8c6,Bc6e7,Be7c8,Bc8d6,Bd6f5][%mdl 32]} 8. a3 Ne7 {A80: Dutch Defence: Unusual White second moves} (8... O-O-O 9. Nge2 Kb8 10. Nf4 Bf7 11. h4 h5 12. O-O-O Ne7 13. g3 Nc8 14. Qe2 c6 15. Kb1 Nd6 16. f3 g6 17. Rhe1 {0-1 (56) Bernadskiy,V (2570)-Gasanov,E (2482) Omelnyk 2017}) 9. Nge2 O-O-O {LiveBook: 4 Games} 10. Ng3 Kb8 $146 {Black is slightly better.} ({Predecessor:} 10... g6 11. h4 h5 12. Qe2 Kb8 13. b4 Nc8 14. b5 Re8 15. O-O Bd6 16. f4 Qh7 17. Qf3 {0-1 (49) Alcaraz Soriano,A (1997)-Cucarella Montell,A (1953) Ciudad Real 2007}) 11. h3 g6 12. O-O-O Nc8 13. Nge2 c6 14. Nf4 Bf7 15. g4 Nd6 16. gxf5 Nxf5 17. Nh5 Nxd4 18. Qxf6 Bd6 19. Qxd4 {Hoping for Nf4.} gxh5 20. Rdg1 Rde8 21. Qh4 Be5 22. Nd1 (22. Na4 $15) 22... c5 ({Black should try} 22... Qe6 $17) 23. f4 $11 Bd6 {[%cal Be5d6,Bd6f8,Bf8h6][%mdl 32]} 24. Rg7 Bf8 25. Bb5 (25. Rxh7 $11 Rxh7 26. Bxh7) 25... Qe7 $17 26. Qxe7 Rxe7 27. Rg5 ({Better is} 27. Rg3) 27... Bh6 $36 {[%mdl 2048] Black is in control.} 28. Rf5 Rd8 29. Bd3 (29. Nc3 $17 {is a better defense.}) 29... d4 30. exd4 c4 $1 {[%cal Rc4d3]} ({Don't play} 30... cxd4 31. Kb1 $15) 31. Bf1 $2 {[%mdl 8192]} (31. Rf6 $17 Bd5 32. Rg1) 31... Rxd4 32. Bg2 $2 (32. Rxf7 {only move.} Rxf7 33. Be2) 32... Bg6 $19 33. Rb5 Bxf4+ 34. Kb1 Rd2 35. Bf3 Rxc2 36. Ka2 a6 37. Rb6 Ka7 38. Rf6 Be5 39. Rf8 Rd7 40. Re1 {[#]} Bxb2 (40... Rxd1 $142 $1 41. Ra8+ (41. Rxd1 Rxb2+) 41... Kxa8 42. Rxe5 {[#]} Ra1+ $1 {[%mdl 512]} 43. Kxa1 Rc1+ 44. Ka2 Bb1+ 45. Ka1 Bc2+ 46. Ka2 Bb3#) 41. Nxb2 Rdd2 42. Rb1 c3 {[%cal Rc2b2,Bc4c3,Bc3b2][%mdl 32]} 43. Rc8 Rxb2+ 44. Rxb2 cxb2 {Precision: White = 26%, Black = 73%.} 0-1

[Event "Dvorkovich Memorial Rapid 2018"]
[Site "Taganrog"]
[Date "2018.01.14"]
[Round "9"]
[White "Iljiushenok, Ilia"]
[Black "Belyakov, Bogdan"]
[Result "1-0"]
[WhiteElo "2512"]
[BlackElo "2486"]
[Annotator "TA"]
[PlyCount "99"]
[EventDate "2018.??.??"]
[EventType "swiss"]
[EventCountry "RUS"]
[SourceTitle "playchess.com"]
[Source "ChessBase"]
[SourceQuality "1"]

{[%evp 14,99,9,-5,-3,-8,52,52,47,14,4,9,24,18,29,0,40,45,95,60,112,48,49,38,63,0,106,110,145,104,254,164,238,240,239,227,226,232,244,232,240,247,245,250,250,243,247,221,222,239,241,242,346,339,338,331,431,410,525,507,507,497,618,618,608,595,701,583,542,443,561,554,536,450,422,353,1021,974,4959,4959,4951,4943,29969,29971,29984,29983,29987,29987]} 1. e4 {[%cal Be2e4,Be4e5][%mdl 32]} e5 2. Nf3 Nc6 3. d4 exd4 4. Nxd4 Nf6 5. Nxc6 bxc6 6. e5 Qe7 7. Qe2 Nd5 8. h4 {LiveBook: 56 Games} (8. c4 $5 {[%cal Rc4d5]} Ba6 9. Nd2 $11) 8... f6 {C45: Scotch Game} (8... Bb7 9. c4 Nb6 10. Rh3 Qe6 11. f4 O-O-O 12. a4 d5 13. a5 Nxc4 14. b3 Bb4+ 15. Kf2 Nxa5 16. Bd2 {½-½ (73) Nakamura,H (2781)-Carlsen,M (2837) London 2017}) 9. c4 Nb6 (9... Ba6 $11) 10. exf6 $14 gxf6 {White is slightly better.} 11. Rh3 {Threatens to win with Re3.} Qxe2+ 12. Bxe2 d5 $146 ({Find the theoretical novelty and annotate with similar games:} 12... h5 13. b3 d5 14. Re3+ Kf7 15. Bb2 Bg4 16. cxd5 cxd5 {0-1 (39) Banas,K (2115)-Mrva,V (2200) Slovakia 1999}) 13. Re3+ Kd8 14. b3 a5 15. Bb2 Be7 16. Nd2 $36 {[%mdl 2048] White has the initiative.} a4 (16... Rg8 $14) 17. O-O-O (17. c5 $16) 17... axb3 18. axb3 Rg8 19. cxd5 (19. Re1 $14) 19... cxd5 (19... Nxd5 $11 20. Ne4 Bd7) 20. Nc4 $1 $16 {[%cal Rc4b6]} Bb7 21. Bf3 Rc8 (21... Ra6 $16) 22. Kb1 {Nxb6 is the strong threat.} Re8 (22... Bc5 {was called for.}) 23. Nxb6 $18 cxb6 24. Bxd5 Bxd5 25. Rxd5+ Kc7 26. Rh5 Bc5 27. Rxh7+ Kc6 {[#]} 28. Rxe8 $1 Rxe8 {[%mdl 4096] Endgame KRB-KRB} 29. Rf7 ({Don't take} 29. Bxf6 $6 Re1+ 30. Kc2 Re2+ 31. Kc3 Rxf2) 29... Re1+ 30. Ka2 Re2 {Hoping for ...Bd4.} 31. Rxf6+ Kd5 {[#]} 32. Rf4 $1 Bd6 (32... Bxf2 $142 33. Rg4 Ke6) 33. Rf5+ Ke6 34. g4 Bc5 {Black wants to play ...Bd4.} 35. Kb1 Re1+ 36. Kc2 Re2+ 37. Kc1 Bxf2 38. h5 Be3+ 39. Kb1 Re1+ 40. Ka2 Bd2 41. Rb5 Re2 42. Kb1 Rg2 43. h6 Rh2 44. Rxb6+ Kd5 $2 {[#]} (44... Kf7 45. Bg7 Kg8) 45. g5 $1 Kc5 (45... Bxg5 46. Rb5+) 46. Rb7 Rh1+ 47. Ka2 Rh2 48. Rc7+ {White mates.} Kb6 49. Rc2 Kb5 {[#]} 50. Rxd2 $1 {Precision: White = 70%, Black = 22%.} 1-0

[Event "Dvorkovich Memorial Rapid 2018"]
[Site "Taganrog"]
[Date "2018.01.14"]
[Round "9"]
[White "Kabanov, Nikolai"]
[Black "Vastrukhin, Oleg"]
[Result "1/2-1/2"]
[WhiteElo "2478"]
[BlackElo "2398"]
[Annotator "TA"]
[PlyCount "137"]
[EventDate "2018.??.??"]
[EventType "swiss"]
[EventCountry "RUS"]
[SourceTitle "playchess.com"]
[Source "ChessBase"]
[SourceQuality "1"]

{[%evp 13,137,-23,33,-19,-21,-8,-23,-54,-48,-77,-91,-141,-122,-131,-138,-107,-116,-143,-139,-180,-132,-216,-212,-243,-217,-243,-123,-134,-72,-133,-133,-114,-12,-21,-18,-18,-14,-49,-44,-92,-80,-156,-74,-164,-158,-172,-86,-76,0,0,0,0,0,-2,-2,-104,-8,-249,-8,-18,-18,-105,-93,-444,-429,-567,61,67,80,80,817,802,791,16,16,16,16,16,16,16,16,16,38,16,16,16,16,16,16,16,16,16,16,16,16,16,16,16,16,0,16,16,16,16,16,16,16,16,16,16,16,0,7,8,16,0,0,8,16,16,16,0,16,16,16,16]} 1. e4 e6 2. Nf3 d5 3. e5 c5 4. b4 cxb4 5. a3 bxa3 6. c3 Nc6 7. d4 Nh6 {LiveBook: 3 Games. C00: French: Unusual White 2nd moves} (7... a6 $11) 8. h4 (8. Bxh6 $14 gxh6 9. Nxa3) 8... f6 $146 ({Predecessor:} 8... Bd7 9. Bd3 Rc8 10. Ng5 Qa5 11. Bxa3 Nxe5 12. dxe5 Rxc3 13. O-O Bxa3 14. Qd2 {1-0 (14) Kabanov,N (2520)-Kaganov,D (2160) St Petersburg 2011}) 9. exf6 Qxf6 10. Bg5 Qf7 $1 11. Bb5 Bd6 12. Ne5 Bxe5 13. dxe5 O-O {[%csl Gf8][%cal Rf7f2]} 14. Qe2 Qf5 15. f4 {[#]} a2 $1 16. Nd2 (16. Rxa2 Qxb1+) 16... Qg4 17. Bxh6 (17. Rxa2 $17 {was necessary.} Qxe2+ 18. Kxe2) 17... Qg3+ $19 18. Qf2 Qxc3 19. O-O {With the idea Bxc6.} gxh6 (19... Nd4 $1 $19 20. Bg5 Nxb5 21. Rxa2 b6) 20. Nf3 Bd7 (20... Qb4 $142 21. Bxc6 bxc6) 21. Bxc6 (21. Rxa2 $142 Rf7 22. Rfa1) 21... bxc6 $17 22. Rxa2 Qb4 (22... a5 $17 23. Rc2 Qb4) 23. Rxa7 $11 Rxa7 24. Qxa7 Rf7 25. f5 exf5 26. Qe3 {Strongly threatening e6.} f4 27. Qe2 (27. Qd4 $142 Qa3 28. Re1) 27... Be6 (27... Qc5+ $142 28. Kh2 Qe7) 28. Qc2 (28. Rc1 $17 {was called for.}) 28... c5 $19 29. Rc1 {[#]} Rc7 ({Black should try} 29... c4 $1 $19 30. Nd4 Qc5) 30. Rb1 $17 Qe4 (30... Qa5 $17 31. Rb8+ Kg7) 31. Rb8+ $11 Kg7 32. Qa2 $1 Qg6 {Hoping for ...d4.} 33. Qa5 Qf7 {Black wants to play ...Bg4.} 34. Qa6 (34. Rd8 $11 {keeps the balance.}) 34... d4 (34... Qd7 $17 {...Ra7 is the strong threat.} 35. Rb6 Ra7) 35. Rb6 $2 (35. Qd6 $11 {and White has nothing to worry.}) 35... Bc4 $2 (35... Ra7 $19 36. Qf1 Ra2) 36. Qa5 $1 Qe7 {And now ...Bd5 would win.} 37. Rf6 {[#]} (37. Rd6 $11) 37... Bd5 $1 $17 {[%cal Rd5f3] aiming for ...Bxf3.} 38. Qd2 $2 {[%mdl 8192]} (38. Rxf4 $17 {is a better chance.} Rd7 39. Qd2) 38... Bxf3 $1 $19 39. Qxf4 Bh5 $2 (39... Bd5 $19 40. Qxh6+ Kg8) 40. Qxh6+ $14 Kg8 {Threatens to win with ...Be8.} 41. Qxh5 $16 {[%mdl 4096] Endgame KQR-KQR} c4 $2 {[%mdl 8192]} (41... d3 $16) 42. Qg4+ $18 Kh8 43. Qxd4 $2 ({White should play} 43. Qf4 $18) 43... Qc5 $1 $11 {[%cal Rc5d4]} 44. Qxc5 Rxc5 {KR-KR} 45. e6 Re5 46. Rf4 Rxe6 47. Rxc4 Kg7 48. Kf2 h5 {The position is equal.} 49. Rc5 Kg6 50. Kf3 Ra6 51. Rg5+ Kh6 52. Re5 Kg6 53. Kf4 Rf6+ 54. Ke4 Rf2 55. Rg5+ Kh6 56. Rg3 Rf1 57. Rf3 Rh1 58. g3 Re1+ 59. Kf5 Ra1 60. Re3 Rf1+ 61. Ke6 Kg6 62. Ke7 Rf7+ 63. Kd6 Rf1 64. Re6+ Kg7 65. Re5 Kg6 66. Rg5+ Kh6 67. Ke6 Rf3 68. Ke5 Ra3 69. Ke4 {Precision: White = 30%, Black = 47%.} 1/2-1/2

[Event "Dvorkovich Memorial Rapid 2018"]
[Site "Taganrog"]
[Date "2018.01.14"]
[Round "9"]
[White "Khanin, Semen"]
[Black "Savchenko, Boris"]
[Result "1-0"]
[WhiteElo "2458"]
[BlackElo "2566"]
[Annotator "TA"]
[PlyCount "81"]
[EventDate "2018.??.??"]
[EventType "swiss"]
[EventCountry "RUS"]
[SourceTitle "playchess.com"]
[Source "ChessBase"]
[SourceQuality "1"]

{[%evp 21,81,27,52,27,41,0,16,10,21,0,9,5,4,14,17,0,0,0,0,0,0,0,0,0,0,0,0,14,16,12,16,0,0,0,0,0,0,0,0,0,0,0,0,0,0,0,608,0,676,538,853,853,29985,29986,29986,29987,29987,29988,29994,29995,29995,1206]} 1. e4 c5 2. Nf3 g6 3. d4 cxd4 4. Qxd4 Nf6 5. Nc3 Nc6 6. Qa4 d6 7. e5 dxe5 8. Nxe5 Qd4 {B27: Sicilian: 2 Nf3, unusual Black 2nd moves} (8... Bg7 9. Nxc6 bxc6 10. Qxc6+ Bd7 11. Qa6 O-O 12. Be2 Qc7 13. O-O Ng4 14. g3 Rab8 15. Qa3 Bd4 16. Bxg4 Bxg4 {½-½ (40) Saric,I (2621)-Vocaturo,D (2592) Helsingor 2017}) 9. Nxc6 Qxa4 10. Nxa4 bxc6 11. Be3 Bg7 {LiveBook: 3 Games} 12. Bd4 O-O 13. Be2 $146 ({Predecessor:} 13. O-O-O Ne4 14. Be2 Bh6+ 15. Kb1 Rd8 16. Bc5 {1-0 (48) Heinz,A (2173)-Kraemer,M (2127) Werfen Essen 2002}) 13... Bf5 14. O-O-O Rfd8 15. Bf3 Bh6+ 16. Be3 Bxe3+ 17. fxe3 Be4 18. c4 e5 19. Nc5 Bxf3 20. gxf3 e4 21. Nxe4 Nxe4 22. fxe4 $11 {[%mdl 4096] Endgame KRR-KRR} Re8 23. Rd4 c5 24. Rd5 Rxe4 25. Rxc5 Rxe3 26. Rc7 Re2 {Hoping for ...Rb8.} 27. Rf1 f5 {[%cal Bf7f5,Bf5f4][%mdl 32]} 28. c5 {[%cal Bc4c5,Bc5c6,Bc6c7][%mdl 32]} Rb8 29. Rd1 f4 $1 {[%cal Rf4f3] White must now prevent ...f3.} 30. Rdd7 Rxh2 31. Rg7+ Kh8 32. Rgf7 $1 g5 {And now ...g4 would win.} 33. c6 g4 $2 {[%mdl 8192] [#]} (33... Rh6 $11 34. Kd2 Rxb2+ 35. Kd3 Rb8) 34. Rb7 $2 ({White has to play} 34. Rcd7 $1 $18 {c7 is the strong threat.} g3 35. c7) 34... Re8 $2 {[%mdl 8192] [#]} (34... Rg8 $11 35. c7 g3) 35. Rfe7 $1 $18 {[%cal Re7e8]} Rc8 36. c7 {White threatens Rb8 and mate.} Rh1+ 37. Kd2 {White mates.} Rh2+ 38. Kd3 Rh3+ 39. Kd4 Rh1 40. Rb8 {[%cal Rb8c8]} Rd1+ 41. Ke4 {Precision: White = 51%, Black = 64%.} (41. Ke5 $142 Re1+ 42. Kf6 Re6+ 43. Kxe6 Rg8 44. Rxg8+ Kxg8 45. c8=Q#) 1-0

[Event "Dvorkovich Memorial Rapid 2018"]
[Site "Taganrog"]
[Date "2018.01.14"]
[Round "9"]
[White "Kornyukov, Alexey"]
[Black "Evdokimov, Alexander A"]
[Result "0-1"]
[WhiteElo "2452"]
[BlackElo "2502"]
[Annotator "TA"]
[PlyCount "86"]
[EventDate "2018.??.??"]
[EventType "swiss"]
[EventCountry "RUS"]
[SourceTitle "playchess.com"]
[Source "ChessBase"]
[SourceQuality "1"]

{[%evp 20,86,47,27,27,41,72,66,68,68,82,90,117,77,113,97,113,103,175,79,128,90,96,31,38,36,125,119,116,93,103,7,0,0,15,-227,-236,-233,-211,-212,-222,-222,-199,-191,-177,-215,-207,-333,-319,-746,-710,-813,-802,-1022,-985,-1006,-994,-965,-966,-1621,-795,-29964,-1024,-896,-741,-29996,-29997,-29997,-972]} 1. d4 Nf6 2. c4 e6 3. Nc3 c5 4. d5 exd5 5. cxd5 d6 6. e4 g6 7. f3 Bg7 8. Bg5 O-O 9. Qd2 a6 10. a4 Re8 11. Ra3 {LiveBook: 3 Games. A65: Modern Benoni: 6 e4} Nbd7 12. Nh3 Rb8 $146 ({Predecessor:} 12... Ne5 13. Nf2 Bd7 14. Be2 b5 15. axb5 axb5 16. Nxb5 Qb6 17. Rxa8 Rxa8 18. Na3 Bc8 {1-0 (58) Savchenko,B (2562)-Petrosian,T (2592) Moscow 2007}) 13. Nf2 {White is better.} Qc7 14. Be2 c4 15. O-O Ne5 16. Rc1 h5 17. h3 Nh7 18. Be3 f5 (18... b5 $16 {was worth a try.}) 19. b4 (19. b3 $18) 19... Nf6 20. a5 Qe7 21. Bd4 (21. f4 $16 Nf7 22. Bf3 (22. Bxc4 Nxe4 23. Ncxe4 fxe4 $14)) 21... Bd7 $14 22. f4 Nd3 (22... Bh6 $1 $14) 23. Bxd3 $16 cxd3 24. e5 $1 {[%cal Re5f6]} ({Worse is} 24. Qxd3 fxe4 25. Qe3 Rbc8 $15) 24... dxe5 25. fxe5 ({Better is} 25. Bxe5 $16 Qxb4 26. Ra2) 25... Qxb4 $11 26. exf6 Bf8 $1 27. f7+ $2 (27. Qf4 $1 $11 {and White has nothing to worry.} d2 28. Rf1 (28. Qxd2 Qxa3 29. Nd3 Kh7 $11) (28. Rca1 $2 Re1+ 29. Kh2 Bd6 $19) 28... Qxa3 29. Nd3) 27... Kxf7 $19 28. Ba7 Qxa3 29. Bxb8 Rxb8 30. Nxd3 {Ne5+ is the strong threat.} Bg7 31. Ne2 {[#]} Qd6 $1 32. Nc5 Rc8 33. Nxb7 (33. Nxd7 $142 Rxc1+ 34. Qxc1 Qxd7 35. Qd2) 33... Rxc1+ 34. Nxc1 $2 (34. Qxc1 Qxd5 35. Qc7) 34... Qc7 35. d6 Qxb7 36. Nd3 Qa7+ 37. Kh1 Qd4 38. Qc2 Qxd6 39. Nc5 Be6 40. Nb7 Qe5 (40... Qd4 $142 41. Qc7+ Kg8 42. Qb6 Qd1+ 43. Qg1 Qd2 44. Qb6 Bd5 45. Qxg6 Qe1+ 46. Kh2 Bxb7 47. Qg3 Qxg3+ 48. Kxg3 Be5+ 49. Kf2 h4 50. Kf1 Bd4 51. Ke2 Bxg2 52. Kd3 Bg1 53. Ke2 f4 54. Kd2 f3 55. Kd1 f2 56. Kc2 f1=Q 57. Kd2 Be4 58. Kc3 Qd3+ 59. Kb4 Qc2 60. Ka3 Bc5#) 41. Nd8+ Kg8 {[#] ( -> ...Qe1+)} 42. Qc6 Qe1+ 43. Kh2 Be5+ {Precision: White = 30%, Black = 52%.} 0-1

[Event "Dvorkovich Memorial Rapid 2018"]
[Site "Taganrog"]
[Date "2018.01.14"]
[Round "9"]
[White "Zakharov, Alexander S"]
[Black "Ivlev, Aleksey"]
[Result "0-1"]
[WhiteElo "2437"]
[BlackElo "2300"]
[Annotator "TA"]
[PlyCount "85"]
[EventDate "2018.??.??"]
[EventType "swiss"]
[EventCountry "RUS"]
[SourceTitle "playchess.com"]
[Source "ChessBase"]
[SourceQuality "1"]

{[%evp 15,85,44,43,13,13,-5,-7,6,29,42,32,40,31,42,83,0,0,0,0,0,0,0,0,0,0,0,15,12,29,34,33,25,112,60,81,72,147,141,141,131,176,177,192,0,122,99,156,162,190,166,150,158,160,67,68,74,270,150,222,223,208,196,395,386,368,243,444,433,415,249,291,290]} 1. e4 e5 2. Nf3 Nc6 3. Bb5 a6 4. Ba4 Nf6 5. O-O b5 6. Bb3 Be7 7. a4 b4 {C78: Ruy Lopez: Archangelsk and Möller Defences} 8. d4 d6 {LiveBook: 8 Games} 9. c3 (9. a5 O-O 10. d5 Na7 11. Re1 c6 12. Nbd2 Bb7 13. Nf1 Nb5 14. Be3 Qc8 15. Bg5 cxd5 16. exd5 {1-0 (49) Granda Zuniga,J (2648)-Batsiashvili,N (2480) Douglas 2016}) 9... O-O {The position is equal.} 10. h3 $146 ({Predecessor:} 10. Re1 exd4 11. cxd4 Na5 12. Bc2 c5 13. Nbd2 cxd4 14. Nxd4 Qb6 15. Nf1 Re8 16. Ng3 Nc6 17. Ndf5 Bxf5 18. Nxf5 {1-0 (64) Dos Santos,R (2438)-Fiori,A (2158) Buenos Aires 2010}) 10... Rb8 11. Bc2 a5 12. d5 Na7 13. cxb4 axb4 14. Be3 c5 15. dxc6 (15. Bd3 $16) 15... Nxc6 $11 16. Nbd2 Ba6 17. Re1 Na5 18. Qb1 Qd7 19. Bd3 $36 {[%mdl 2048] White is more active.} Qb7 20. Rc1 Rfc8 21. Rxc8+ Rxc8 22. Qf1 Bxd3 23. Qxd3 d5 (23... h6 $11) 24. exd5 (24. Nxe5 $16 dxe4 25. Qb5) 24... Qxd5 25. Qf5 Nd7 {[#]} ({Black should play} 25... Qe6 26. Qxe5 Qxe5 27. Nxe5 Nd5) 26. Nxe5 $1 $16 {[%mdl 512]} Qxe5 27. Qxd7 Rd8 28. Qb5 Rd5 29. Qa6 $2 (29. Qe8+ $18 Bf8 30. Qxe5 Rxe5 31. Rc1) 29... h6 (29... Qxb2 $11 {remains equal.} 30. Re1 Qe5) 30. Re1 Kh7 ({Black should try} 30... Bf6) 31. Nc4 Qf5 32. Nxa5 Rxa5 33. Qb7 Bd6 {[#]} 34. b3 (34. Rd1 $1 $16 {[%cal Rd1d6]} Be5 35. Qxb4) 34... Rd5 $1 $14 35. Qc6 Rd3 $2 (35... Qd3 $16) 36. Qc2 (36. a5 $18) 36... g6 {[#]} (36... Kg8 $16 37. Rd1 Rd5) 37. Rd1 $1 $18 Rd5 38. Qe2 Qe4 $2 (38... Bc7 {was called for.} 39. Rxd5 Qxd5) 39. Rxd5 Qxd5 40. Qc2 f5 $2 (40... Bb8 41. g3 h5) 41. g3 Kg7 42. Bf4 Be7 43. Qc7 {[%mdl 32768] Precision: White = 67%, Black = 26%. . Loss on Time!?} 0-1